000 00312nam a22001337a 4500
008 170526b xxu||||| |||| 00| 0 eng d
020 _a9780131913455
041 _aeng
080 _26 ed
_a621(075.8)
100 _a25
101 _aim
245 _aMECHANICS OF MATERIALS
_cHIBBELER.R.C
942 _2udc
_cBK
999 _c14467
_d14467